Demolition- special report (Record no. 72376)

MARC details
000 -LEADER
fixed length control field 01245cam a2200265 4500
001 - CONTROL NUMBER
control field X121779
008 - FIXED-LENGTH DATA ELEMENTS--GENERAL INFORMATION
fixed length control field 030328n2003 000 0 eng u
035 ## - SYSTEM CONTROL NUMBER
System control number (Sirsi) u121779
100 ## - MAIN ENTRY--PERSONAL NAME
Personal name D'Arcy, J.
245 ## - TITLE STATEMENT
Title Demolition- special report
260 ## - PUBLICATION, DISTRIBUTION, ETC.
Date of publication, distribution, etc. 2003
490 ## - SERIES STATEMENT
Series statement Contract Journal
Volume/sequential designation 417(6416) 3 March 2003, 19-41(19)
520 ## - SUMMARY, ETC.
Summary, etc. Special report on demolition contains articles "Demolition derby" on the upsurge of large demolition works; "Wilkommen pet" discusses the increase of foreign recruits; "A big black hole" reports on the implications of the recent EU landfill directive; "Dan the man" reflects the views of Dan DoylePresident-elect of the National Federation of Demolition Contractors on key demolition issues; "Exploding myths" looks at the methods used by the Controlled Demolition Group; "Making the grade" examines the views of the new president of the Institute of Demolition Engineers; "Cool tools" looks at new demolition equipment.
650 ## - SUBJECT ADDED ENTRY--TOPICAL TERM
Topical term or geographic name entry element DEMOLITION
650 ## - SUBJECT ADDED ENTRY--TOPICAL TERM
Topical term or geographic name entry element EC DIRECTIVES
650 ## - SUBJECT ADDED ENTRY--TOPICAL TERM
Topical term or geographic name entry element LANDFILL
650 ## - SUBJECT ADDED ENTRY--TOPICAL TERM
Topical term or geographic name entry element PLANT
650 ## - SUBJECT ADDED ENTRY--TOPICAL TERM
Topical term or geographic name entry element EQUIPMENT
690 ## - LOCAL SUBJECT ADDED ENTRY--TOPICAL TERM (OCLC, RLIN)
Topical term or geographic name as entry element BUILT ENVIRONMENT
700 ## - ADDED ENTRY--PERSONAL NAME
Personal name Howard, P.
700 ## - ADDED ENTRY--PERSONAL NAME
Personal name Mann, W.
700 ## - ADDED ENTRY--PERSONAL NAME
Personal name Doyle, D.
700 ## - ADDED ENTRY--PERSONAL NAME
Personal name Faulkner, G.
942 ## - ADDED ENTRY ELEMENTS (KOHA)
Suppress in OPAC 0
Holdings
Withdrawn status Lost status Source of classification or shelving scheme Damaged status Not for loan Home library Current library Shelving location Date acquired Total Checkouts Full call number Barcode Date last seen Copy number Price effective from Koha item type
    Dewey Decimal Classification     London London Journal article 28/03/2003   X121779 121779-1001 06/08/2019 1 06/08/2019 Journal article